Sports Quiz

Random Sports Quiz

1990 St. Louis Cardinals All Stars Quiz Stats

 Plays Quiz not verified by Sporcle

Support Sporcle.
Go Orange.
Score 0/12 Timer 05:00
0 Plays Today
Position Player % Correct
SSOzzie Smith
97.7%
PLee Smith
96.5%
OFWillie McGee
79.1%
CTom Pagnozzi
74.4%
OFRay Lankford
68.6%
OFVince Coleman
66.3%
3BTerry Pendleton
59.3%
1BPedro Guerrero
58.1%
PBob Tewksbury
45.3%
OFTom Brunansky
38.4%
OFFelix Jose
30.2%
PKen Hill
20.9%

You're not logged in!

Compare scores with friends on all Sporcle quizzes.
OR
Log In

From the Vault

Monosyllabic Elements

by Chenchilla

At least you won't have to spell Praseodymium or Molybdenum.
Remove Ads.
Support Sporcle.
Get the best of Sporcle when you Go Orange. This ad-free experience offers more features, more stats, and more fun while also helping to support Sporcle. Thank you for becoming a member.

Show Comments

Extras

Created Jan 14, 2013ReportNominate
Tags:1990, cardinal, loud, Player, star, St Louis

Top Quizzes Today


Score Distribution

Your Account Isn't Verified!

In order to create a playlist on Sporcle, you need to verify the email address you used during registration. Go to your Sporcle Settings to finish the process.

Report this User

Report this user for behavior that violates our Community Guidelines.

Details: